Public speaking : (Record no. 53705)

MARC details
000 -LEADER
fixed length control field 01282cam a2200325 a 4500
001 - CONTROL NUMBER
control field 12954317
003 - CONTROL NUMBER IDENTIFIER
control field OSt
005 - DATE AND TIME OF LATEST TRANSACTION
control field 20181029131447.0
008 - FIXED-LENGTH DATA ELEMENTS--GENERAL INFORMATION
fixed length control field 021001s2004 caua b 001 0 eng
010 ## - LIBRARY OF CONGRESS CONTROL NUMBER
LC control number 2002113900
020 ## - INTERNATIONAL STANDARD BOOK NUMBER
International Standard Book Number 0534606512
035 ## - SYSTEM CONTROL NUMBER
System control number (DLC) 2002113900
040 ## - CATALOGING SOURCE
Original cataloging agency DLC
Transcribing agency DLC
Modifying agency DLC
050 00 - LIBRARY OF CONGRESS CALL NUMBER
Classification number PN4121
Item number .J25 2004
082 00 - DEWEY DECIMAL CLASSIFICATION NUMBER
Classification number 808.5/1
Edition number 22
100 1# - MAIN ENTRY--PERSONAL NAME
Personal name Jaffe, Clella Iles,
Dates associated with a name 1944-
245 10 - TITLE STATEMENT
Title Public speaking :
Remainder of title concepts and skills for a diverse society /
Statement of responsibility, etc Clella Jaffe.
250 ## - EDITION STATEMENT
Edition statement 4th ed.
260 ## - PUBLICATION, DISTRIBUTION, ETC. (IMPRINT)
Place of publication, distribution, etc Belmont, CA :
Name of publisher, distributor, etc Wadsworth/Thomson Learning,
Date of publication, distribution, etc c2004.
300 ## - PHYSICAL DESCRIPTION
Extent xxii, 417 p. :
Other physical details ill. (some col.) ;
Dimensions 26 cm.
504 ## - BIBLIOGRAPHY, ETC. NOTE
Bibliography, etc Includes bibliographical references (p. 397-404) and index.
650 #0 - SUBJECT ADDED ENTRY--TOPICAL TERM
Topical term or geographic name as entry element Public speaking.
650 #0 - SUBJECT ADDED ENTRY--TOPICAL TERM
Topical term or geographic name as entry element Multiculturalism.
856 42 - ELECTRONIC LOCATION AND ACCESS
Materials specified Contributor biographical information
Uniform Resource Identifier <a href="http://www.loc.gov/catdir/enhancements/fy1103/2002113900-b.html">http://www.loc.gov/catdir/enhancements/fy1103/2002113900-b.html</a>
856 42 - ELECTRONIC LOCATION AND ACCESS
Materials specified Publisher description
Uniform Resource Identifier <a href="http://www.loc.gov/catdir/enhancements/fy1103/2002113900-d.html">http://www.loc.gov/catdir/enhancements/fy1103/2002113900-d.html</a>
856 41 - ELECTRONIC LOCATION AND ACCESS
Materials specified Table of contents only
Uniform Resource Identifier <a href="http://www.loc.gov/catdir/enhancements/fy1103/2002113900-t.html">http://www.loc.gov/catdir/enhancements/fy1103/2002113900-t.html</a>
906 ## - LOCAL DATA ELEMENT F, LDF (RLIN)
a 7
b cbc
c orignew
d 2
e epcn
f 20
g y-gencatlg
942 ## - ADDED ENTRY ELEMENTS (KOHA)
Source of classification or shelving scheme Library of Congress Classification
Koha item type Book
Holdings
Withdrawn status Lost status Source of classification or shelving scheme Damaged status Not for loan Collection code Home library Current library Shelving location Date acquired Source of acquisition Cost, normal purchase price Total Checkouts Full call number Barcode Date checked out Copy number Price effective from Koha item type
    Library of Congress Classification     Non-fiction Bishop Okullu Memorial Library (Limuru Campus) Bishop Okullu Memorial Library (Limuru Campus) General Circulation 29/10/2018 donation-BFA 2320.00 1 PN4121 .J25 2004 060461 04/11/2022 1 29/10/2018 Book